| 000 | 01012cam a22002531 4500 | ||
|---|---|---|---|
| 999 |
_c23394 _d23394 |
||
| 001 | 2640658 | ||
| 003 | BDDh-ASL | ||
| 005 | 20231015030231.0 | ||
| 008 | 730724s1965 nyuab b 000 0 eng | ||
| 010 | _a 64012677 | ||
| 040 |
_aDLC _cDLC _dDLC _dBDDh-ASL |
||
| 041 | 1 | _aengita | |
| 050 | 0 | 0 |
_aD20 _b.I66 vol. 2 |
| 082 |
_a909 _bPAH |
||
| 100 | 1 |
_aPareti, Luigi, _d1885-1962. |
|
| 245 | 1 | 4 |
_aHistory of Mankind Cultural and Scientific Development, Vol.-2, The ancient world, 1200 BC to AD 500, Part-2- From about 500 BC to the Christian Era / _cby Luigi Pareti, assisted by Paolo Brezzi and Luciano Petech. Translated from the Italian by Guy E. F. Chilver and Sylvia Chilver. |
| 260 |
_aNew York : _bHarper & Row, _c1965. |
||
| 300 |
_a314-664 p. : _billus., maps. _c24 cm. |
||
| 490 | 0 |
_aHistory of mankind; cultural and scientific development, _vv. 2 |
|
| 504 | _aIncludes bibliographies. | ||
| 650 | 0 | _aHistory, Ancient. | |
| 906 |
_a7 _bcbc _corignew _du _eocip _f19 _gy-gencatlg |
||
| 942 |
_2ddc _cBK |
||